| 000 | 00741cam a2200253 a 4500 | ||
|---|---|---|---|
| 001 | 1051345 | ||
| 005 | 20180809080906.0 | ||
| 008 | 900105s1990 nyua b 001 0 eng c | ||
| 010 | _a 90002725 | ||
| 020 | _a0879933828 | ||
| 020 | _z087933828 | ||
| 040 |
_aDNLM/DLC _cDLC _dDLC |
||
| 041 | _aeng | ||
| 060 | _aWG 220 D489 | ||
| 080 | _a616.120 CLA | ||
| 082 | 0 | 0 |
_a616.120 CLA _220 |
| 100 | _a7 | ||
| 101 | _aKAR | ||
| 245 | 0 | 0 |
_aDevelopmental cardiology : _cedited by Edward B. Clark and Atsuyoshi Takao. |
| 504 | _aIncludes bibliographical references and index. | ||
| 906 |
_a7 _bcbc _corignew _d1 _eocip _f19 _gy-gencatlg |
||
| 942 |
_2ddc _cBK |
||
| 999 |
_c46984 _d46984 |
||